| 000 | 00443nam a22001817a 4500 | ||
|---|---|---|---|
| 003 | CEME | ||
| 005 | 20210628210434.0 | ||
| 008 | 210201b xxu||||| |||| 00| 0 eng d | ||
| 020 | _a9812-53-051-7 | ||
| 040 | _c. | ||
| 082 | _a610.28 WEB | ||
| 100 |
_aWebster, John.G _965438 |
||
| 245 | _aBioinstrumentation | ||
| 260 |
_aINDIA _bJOHN WILEY & SONS _c2004 |
||
| 300 | _aXIV,383P | ||
| 650 |
_aBIOINSTRUMENTATION _979415 |
||
| 942 |
_cBK _2ddc |
||
| 999 |
_c584459 _d584459 |
||